Pravěké dějiny Lužice /

Hlavní autor: Neustupný, Jiří, 1905-1981
Jazyk: Čeština
Vydáno: V Praze : Společnost přátel Lužice, 1946
Vydání: Vydání I.
Edice: Lužickosrbská knihovnička
Externí odkaz: Digitalizovaný dokument
Fyzický popis: 148, [IV] s. : XII s. obr. příl.-[II] mp. ; 8°
Knihy
Uloženo v:
LEADER 01274nam a22003012a 4500
001 000812768
003 CZ BrMZK
005 20140916134627.0
007 ta
008 060329s1946 xr abf er|||||||||||cze d
015 |a cnb000669173 
040 |a ABA001  |b cze  |c OLA001  |d ABA001  |d BOA001 
100 1 |a Neustupný, Jiří,  |d 1905-1981  |7 jk01090101  |4 aut 
245 1 0 |a Pravěké dějiny Lužice /  |c Jiří Neustupný 
250 |a Vydání I. 
260 |a V Praze :  |b Společnost přátel Lužice,  |c 1946 
300 |a 148, [IV] s. :  |b XII s. obr. příl.-[II] mp. ;  |c 8° 
490 1 |a Lužickosrbská knihovnička ;  |v č. 32 
500 |a S 12 tabulkami, 51 obrázky v textu, s mapkou Lužice a s mapou srbského území v 10. stol. po Kristu 
500 |a Obálku navrhl Boris Hanš 
830 0 |a Lužickosrbská knihovnička  |0 s 
856 4 1 |u http://www.digitalniknihovna.cz/mzk/uuid/uuid:7e7d2a60-3e2d-11e4-bc3a-005056827e51  |y Digitalizovaný dokument  |x NDK 
910 |a BOA001  |b 2-0070.555,32  |b PK-II-0024.206 
920 |a 000768752 
990 |a BK 
991 |b 200603 
996 6 |b 2619226157  |c 2-0070.555,32  |l MZK  |r Sklad / do 24 hodin  |n 3  |w 000812768  |u 000010  |a 1  |e BOA001  |j MZK50  |s P 
996 7 |b 3119649447  |c PK-II-0024.206  |l MZK  |r Sklad / do 1 hodiny  |n 1  |w 000812768  |u 000020  |a 1  |e BOA001  |j MZK50  |s A